000 00750nam a2200181 i 4500
001 53559
003 ES-MaACL
005 20230906162804.0
007 t|
008 031103m19621969sp ||||1| spa d
245 0 0 _aFacta
_b: enciclopedia sistemática en ocho tomos : adaptación castellana.
260 _aMadrid :
_bRialp,
_c1962-1969.
300 _a8 v. :
_bil. ;
_c25 cm.
505 8 _aContiene: V. 1. Ciencias fundamentales -- v. 2. Vida-hombre -- v. 3. Países y pueblos -- v. 4. Cultura -- v. 5. Sociedad -- v. 6. Tecnología -- v. 7. Hogar y ambiente social -- v. 8. Acta 70 [suplemento a Facta] / dirigida por Luis Sastre.
650 _aEnciclopedias.
_912235
700 1 _aSastre, Luis.
_9103920
852 _aES-MaACL
_jP-682-bis
_bR.50998
999 _c53559
_d53559